00609nam a2200157 a 4500008004100000020001500041050001500056100001900071245003500090260004200125300002000167350000900187995009500196999001700291952014300308120416s1977 ||||||||||||||||| || u a0903384442 aTA 684 Kno aKnowles, Peter10aDesign of structural steelwork aLondonbSurrey University Pressc1977 ax, 198p. : ill. a0.00 D0.00FCBU-MAIN LIBRARY (Kitwe)H1I5.00M1UAVAILABLEZMain Library Open Access Collection c39749d39749 00102lcc4070a001b001cMain Library Open Access Collectiond2022-11-30l2oTA 684 Knop013922r2024-08-17s2024-07-31w2022-11-30y002